000 01240nam a2200265 i 4500
003 DO-SdBNP
005 20250709115101.0
007 ta
008 250709b2024 dr ||||| |||| 00| 0 spa d
020 _a9789945649550
040 _aDO-SdBNP
_bBNPHU
_cspa
_erda
082 _axxx
_bM827
_222
100 1 _aMora, Jeniffer
_eautora
_4aut.
_988301
245 1 3 _aMétodo cuentas claras :
_bla guía de finanzas e impuestos para emprender en cualquier profesión o negocio /
_cJeniffer Mora
264 _aSanto Domingo :
_bPrintbarato,
_c2024.
300 _a186 [18] páginas ;
_c23 cm.
336 _atexto
_btxt
_2rdacontent
337 _asin mediación
_bn
_2rdamedia
338 _avolumen
_bnc
_2rdacarrier
500 _aIncluye datos biografícos de la autora en la página 11-12 y en la contracubierta.
520 _aEs una guía ideal para aquellos profesionales, emprendedores, dueños de negocios e incluso estudiantes de todas las áreas, que deseen conocer en lenguaje sencillo todos los trucos de los negocios, impuestos y finanzas que los llevarán a estar al día con sus números mientras logran el éxito en sus proyectos personales y profesionales.
590 _aInventariado, 2025/ YL
910 _aYLockward
942 _2ddc
_cLBS1
999 _c58875
_d58875